El Derecho y las ciencias sociales en la segunda mitad del siglo / (Record no. 148262)

MARC details
000 -LEADER
campo de control de longitud fija 00728nam a2200205 4500
001 - NÚMERO DE CONTROL
campo de control 148262
003 - IDENTIFICADOR DE NÚMERO DE CONTROL
campo de control ES-MaACL
007 - CAMPO FIJO DE DESCRIPCIÓN FÍSICA--INFORMACIÓN GENERAL
campo de control de longitud fija t|
008 - DATOS DE LONGITUD FIJA--INFORMACIÓN GENERAL
campo de control de longitud fija 070214s1973 mx r ||||1| spa d
100 1# - ENTRADA PRINCIPAL--NOMBRE DE PERSONA
Nombre de persona Stone, Julius.
9 (RLIN) 108307
245 13 - MENCIÓN DEL TÍTULO
Título El Derecho y las ciencias sociales en la segunda mitad del siglo /
Mención de responsabilidad, etc. por Julius Stone ; [traducción de Remigio Jasso].
250 ## - MENCION DE EDICION
Mención de edición [1ª ed. en español].
260 ## - PUBLICACIÓN, DISTRIBUCIÓN, ETC.
Lugar de publicación, distribución, etc. México :
Nombre del editor, distribuidor, etc. Fondo de Cultura Económica,
Fecha de publicación, distribución, etc. 1973.
300 ## - DESCRIPCIÓN FÍSICA
Extensión 187 p. ;
Dimensiones 17 cm.
490 1# - MENCIÓN DE SERIE
Mención de serie Breviarios del Fondo de Cultura Económica ;
Designación de volumen o secuencia 234
700 1# - ENTRADA AGREGADA--NOMBRE PERSONAL
Nombre de persona Jasso, Remigio.
9 (RLIN) 66156
830 0# - PUNTO DE ACCESO ADICIONAL DE SERIE-TÍTULO UNIFORME
Título uniforme Breviarios del Fondo de Cultura Económica ;
Designación de volumen o secuencia 234
9 (RLIN) 179682
852 ## - LOCALIZACIÓN
Ubicación ES-MaACL
Número de control de estantería L-8373
Sublocalización o colección R.109072
Holdings
Estatus retirado Estado de pérdida Estado de daño No para préstamo Biblioteca de origen Biblioteca actual Ubicación en estantería Fecha de adquisición Fuente de adquisición Total de préstamos Signatura topográfica completa Código de barras Visto por última vez Precio de reemplazo Tipo de ítem Koha
        Biblioteca del Ateneo de Madrid Biblioteca del Ateneo de Madrid Depósito 2 17/01/2008     L-8373 1154724 23/02/2023 23/02/2023 Libro impreso